El Qhapac Ñan. una investigación interdisciplinaria en el sur del Ecuador / [Volumen 1] :

Bibliographic Details
Main Author: Suárez García, Diego (Author)
Format: Electronic eBook
Language:Spanish
Published: Cuenca, Ecuador : Universidad del Azuay, Casa Editora, [2018]
Edition:Primera edición.
Subjects:
Online Access:Digitalia Hispánica

MARC

LEADER 00000nam a2200000Ii 4500
001 DIGUAZUAY0035
003 NyNyDIG
006 m o d
007 cr |||||||||||
008 251104s2018 ec ob 000 0 spa d
035 |a (OCoLC)1548424570 
040 |a DGITA  |b eng  |e rda  |e pn  |c DGITA 
020 |a 9789942778192  |q eBook 
020 |z 9789942778185 
041 0 |a spa  |b spa  |b eng 
043 |a s-ec--- 
050 1 4 |a F3429.1.R6 ebook 
100 1 |a Suárez García, Diego,  |e author. 
245 1 3 |a El Qhapac Ñan.  |n [Volumen 1] :  |b una investigación interdisciplinaria en el sur del Ecuador /  |c Diego Suárez García. 
250 |a Primera edición. 
264 1 |a Cuenca, Ecuador :  |b Universidad del Azuay, Casa Editora,  |c [2018] 
300 |a 1 online resource. 
336 |a text  |b txt  |2 rdacontent 
337 |a computer  |b c  |2 rdamedia 
338 |a online resource  |b cr  |2 rdacarrier 
347 |a text file  |2 rdaft 
347 |b PDF 
504 |a Includes bibliographical references. 
546 |a Text in Spanish with abstract in Spanish and English. 
588 0 |a Online resource; title from PDF title page (Digitalia, viewed November 4, 2025) 
651 0 |a Qhapaq Ñan. 
791 2 |a Digitalia (Firm),  |e distributor. 
793 0 |g Digitalia eBook Collection:  |a Universidad del Azuay 
776 0 8 |i Print version:  |a Suárez García, Diego.  |t Qhapac Ñan. [Volumen 1].  |b Primera edición.  |d Cuenca, Ecuador : Universidad del Azuay, Casa Editora, [2018]  |z 9789942778185 
856 4 0 |3 Digitalia Hispánica  |u https://www.digitaliapublishing.com/a/133418/ 
910 |a Premium collection: 2025